| 000 | 00333nam a22001337a 4500 | ||
|---|---|---|---|
| 008 | 170130b xxu||||| |||| 00| 0 eng d | ||
| 020 | _a9780781730129 | ||
| 041 | _aeng | ||
| 080 |
_24TH _a61 |
||
| 100 | _a3 | ||
| 101 | _aSHMI | ||
| 245 |
_aSTEDMAN'S CONCISE/ MEDICAL DICTIONARY FOR THE HEALTH PROFESSIONS _cSTEDMAN |
||
| 942 |
_2udc _cBK |
||
| 999 |
_c3993 _d3993 |
||